Statistics for Countries with the Most Tomato Exports

Click here to take the quiz!

General Stats

  • This quiz has been taken 38 times
  • The average score is 13 of 20

Answer Stats

RankExport ValuesLargest Exporters% Correct
7.333.7 MillionUnited States
100%
2.1.9 BillionMexico
97%
6.374 MillionFrance
94%
5.416 MillionCanada
91%
3.1.1 BillionSpain
91%
11.217.5 MillionChina
88%
12.156.8 MillionItaly
88%
18.38 MillionGermany
81%
9.290.2 MillionTurkey
78%
1.2 BillionNetherlands
69%
15.61 MillionPortugal
69%
20.31.7 MillionEgypt
66%
4.578.2 MillionMorocco
63%
14.65.6 MillionPoland
59%
8.304.4 MillionBelgium
53%
19.32.4 MillionMalaysia
25%
16.56.1 MillionBelarus
16%
13.155.3 MillionAzerbaijan
9%
10.223.1 MillionJordan
9%
17.41 MillionUzbekistan
9%

Score Distribution

Percentile by Number Answered

Percent of People with Each Score

Your Score History

You have not taken this quiz